MARC

LEADER 00000nam0a2200000 4500
001 31158
005 20231101210023.0
010 |a 5741801447 
035 |a (RuTPU)RU\TPU\book\31435 
035 |a BOOK00031514 
090 |a 31158 
100 |a 20011209d2001 m y0rusy50 ca 
101 0 |a rus 
102 |a RU 
105 |a a j 001zy 
200 1 |a Добыча и переработка строительных горных пород  |e учебник для вузов  |f А. С. Чирков  |g Московский государственный горный университет 
210 |a Москва  |c Изд-во Московского горного ин-та  |d 2001 
215 |a 623 с.  |c ил. 
225 1 |a Высшее горное образование 
320 |a Библиогр.: с. 606-610. 
320 |a Алф. указатель.: с. 611-616. 
451 1 |0 (RuTPU)RU\TPU\book\182178  |y 978-5-7418-0592-3  |t Добыча и переработка строительных горных пород  |o учебник для вузов  |f А. С. Чирков  |g Московский государственный горный университет  |c Москва  |n Изд-во Московского горного ин-та  |n Горная книга  |d 2009  |p 623 с.  |s Высшее горное образование  |a Чирков, Александр Степанович 
606 1 |a Строительные материалы минеральные нерудные  |x Переработка  |x Механизация  |2 stltpush  |3 (RuTPU)RU\TPU\subj\57559  |9 75418 
610 1 |a добыча 
610 1 |a переработка 
610 1 |a технологии 
610 1 |a обработка 
610 1 |a учебные пособия 
610 1 |a строительные горные породы 
610 1 |a карьеры 
610 1 |a песчано-гравийные месторождения 
610 1 |a щебень 
610 1 |a стеновой камень 
610 1 |a облицовочный камень 
675 |a 622.35/.36(075.8)  |v 3 
700 1 |a Чирков  |b А. С.  |g Александр Степанович 
712 0 2 |a Московский государственный горный университет 
801 0 |a RU  |b 63413507  |c 20011209  |g PSBO 
801 2 |a RU  |b 63413507  |c 20151120  |g PSBO 
942 |c BK